MARC

LEADER 00000nam0a2200000 4500
001 195107
005 20231101224613.0
020 |a RU  |b 81-63760ж 
035 |a (RuTPU)RU\TPU\book\212834 
090 |a 195107 
100 |a 20110503d1974 k y0rusy5003 ca 
101 0 |a rus 
102 |a RU 
105 |a a z 001zy 
200 1 |a Органическая геохимия мезозойских нефтегазоносных отложений Сибири  |e [сборник]  |f Сибирский научно-исследовательский институт геологии, геофизики и минерального сырья (СНИИГГиМС) ; под ред. А. Э. Конторовича 
210 |a Москва  |c Недра  |d 1974 
215 |a 192 с.  |c ил. 
225 1 |a Труды Сибирского научно-исследовательского института геологии, геофизики и минерального сырья (СНИИГГиМС)  |v Вып. 164 
225 1 |a Нефтяная геология 
320 |a Библиогр.: с. 182-187. 
606 1 |a Нефтегазоносность  |2 stltpush  |3 (RuTPU)RU\TPU\subj\45590  |9 64783 
610 1 |a органические вещества 
610 1 |a палеозойские отложения 
610 1 |a мезозойские отложения 
610 1 |a горные породы 
610 1 |a геохимия 
610 1 |a Сибирь 
675 |a 553.98(571.1/.5)  |v 3 
702 1 |a Конторович  |b А. Э.  |g Алексей Эмильевич  |4 340 
712 0 2 |a Сибирский научно-исследовательский институт геологии, геофизики и минерального сырья (СНИИГГиМС)  |c (Новосибирск)  |2 stltpush  |3 (RuTPU)RU\TPU\col\322 
801 0 |a RU  |b RuMRKP  |c 19950704  |g psbo 
801 1 |a RU  |b 63413507  |c 20110503 
801 2 |a RU  |b 63413507  |c 20180207  |g RCR 
942 |c BK